[Event "XXXIV. ODPRTO PRVENSTVO KOMENDE 2020"]
[Site "Komenda"]
[Date "2020.09.04"]
[Round "1.1"]
[White "Macek, Inti"]
[Black "Perme, Martin"]
[Result "0-1"]
[WhiteElo "1152"]
[BlackElo "1534"]
[PlyCount "40"]
[EventDate "2020.09.04"]

1. d4 Nf6 2. Nf3 c5 3. c3 d5 4. Bf4 Nc6 5. e3 e6 6. Nbd2 Be7 7. Bd3 O-O 8. O-O
a6 9. c4 cxd4 10. Nxd4 Nxd4 11. exd4 dxc4 12. Nxc4 b5 13. Ne5 Bb7 14. Rc1 Qd5
15. f3 Qxd4+ 16. Kh1 Qxf4 17. Ng4 Nxg4 18. fxg4 Qh6 19. h3 Qxh3+ 20. Kg1 Qxg2#
0-1

[Event "XXXIV. ODPRTO PRVENSTVO KOMENDE 2020"]
[Site "Komenda"]
[Date "2020.09.04"]
[Round "1.2"]
[White "Cimperman, Teo"]
[Black "Hocevar, Nick"]
[Result "1-0"]
[WhiteElo "1492"]
[BlackElo "1143"]
[PlyCount "63"]
[EventDate "2020.09.04"]

1. e4 e5 2. Nf3 Nc6 3. Bc4 Bc5 4. c3 Nf6 5. d3 d6 6. Nbd2 O-O 7. b4 Bb6 8. Bb2
Be6 9. Bb3 d5 10. exd5 Bxd5 11. c4 Bxf3 12. Nxf3 a6 13. a3 e4 14. dxe4 Qxd1+
15. Rxd1 Nxe4 16. O-O Rad8 17. c5 Ba7 18. Bd5 Nf6 19. Bxf6 gxf6 20. Bxc6 bxc6
21. h3 Rd5 22. Rd4 Rfd8 23. Rfd1 Rxd4 24. Rxd4 Rxd4 25. Nxd4 a5 26. Nxc6 axb4
27. axb4 Bxc5 28. bxc5 Kf8 29. Kf1 Ke8 30. Ke2 Kd7 31. Nd4 c6 32. Kd3 1-0

[Event "XXXIV. ODPRTO PRVENSTVO KOMENDE 2020"]
[Site "Komenda"]
[Date "2020.09.04"]
[Round "1.3"]
[White "Timagina, Sofia"]
[Black "Bobnar, Samo"]
[Result "0-1"]
[WhiteElo "1137"]
[BlackElo "1463"]
[PlyCount "124"]
[EventDate "2020.09.04"]

1. e4 d5 2. exd5 Nf6 3. Nc3 Nxd5 4. Nf3 Nxc3 5. bxc3 Bg4 6. h3 Bh5 7. Bc4 e6 8.
O-O Qf6 9. d4 Bxf3 10. Qxf3 Qxf3 11. gxf3 c6 12. Rb1 b6 13. Re1 Be7 14. Kh1 Nd7
15. Rg1 g6 16. Bf4 Nf6 17. Ba6 Nd5 18. Bb7 Kd7 19. Be5 f6 20. c4 Nc3 21. Rb3
fxe5 22. Bxa8 Ne2 23. Re1 Nxd4 24. Rd3 Kc7 25. Rxe5 Bf6 26. Re4 Rxa8 27. c3 Nf5
28. Rxe6 Rf8 29. f4 Be7 30. Kg2 Bc5 31. Kf3 g5 32. Kg4 gxf4 33. Rf3 Bd6 34. a4
h5+ 35. Kg5 Be7+ 36. Kg6 Nh4+ 37. Kxh5 Nxf3 38. Rxe7+ Kd6 39. Rxa7 Rg8 40. Ra6
Kc7 41. c5 Rg5+ 42. Kh6 Rxc5 43. Ra7+ Kb8 44. Rf7 Rc4 45. Rf8+ Kb7 46. Rf7+ Ka6
47. Rf5 Rxa4 48. Kh5 Ne5 49. h4 Nd3 50. Kg6 Nxf2 51. h5 Ng4 52. Kg5 Ne3 53. h6
Nxf5 54. h7 Nh6 55. Kxh6 f3 56. h8=Q Rh4+ 57. Kg7 Rxh8 58. Kxh8 f2 59. c4 f1=Q
60. c5 Qg2 61. cxb6 Kxb6 62. Kh7 c5 0-1

[Event "XXXIV. ODPRTO PRVENSTVO KOMENDE 2020"]
[Site "Komenda"]
[Date "2020.09.04"]
[Round "1.4"]
[White "Kaluza, Dominik"]
[Black "Lapanje, Ajda"]
[Result "1-0"]
[WhiteElo "1463"]
[BlackElo "1040"]
[PlyCount "105"]
[EventDate "2020.09.04"]

1. e4 e5 2. Nf3 Nc6 3. Bc4 Bc5 4. O-O Nf6 5. d3 h6 6. Nc3 d6 7. h3 Be6 8. Bb3
Qd7 9. Be3 Bb6 10. Qd2 Bxh3 11. gxh3 Qxh3 12. Qe2 Ng4 13. Bxb6 axb6 14. Nb5 Rc8
15. Bd5 Nd8 16. Nc3 O-O 17. Rfe1 c6 18. Bb3 Ne6 19. Qf1 Qxf3 20. Qg2 Qf4 21. f3
Ne3 22. Qf2 Qg5+ 23. Kh1 Qh5+ 24. Kg1 Ng5 25. Qxe3 Nxf3+ 26. Kf2 Nxe1 27. Rxe1
Qh4+ 28. Ke2 Kh7 29. Rf1 Qh5+ 30. Ke1 f5 31. exf5 Rxf5 32. Rg1 Rcf8 33. Ne4 Rf3
34. Qe2 Qh4+ 35. Kd1 d5 36. Nd2 R3f5 37. c3 e4 38. dxe4 dxe4 39. Nxe4 Re5 40.
Re1 Rd8+ 41. Kc1 Rde8 42. Bc2 Kh8 43. Kb1 g5 44. Qf1 Rxe4 45. Qf6+ Kh7 46.
Bxe4+ Rxe4 47. Qf5+ Kg7 48. Rxe4 Qh1+ 49. Kc2 Qg2+ 50. Kb3 Qg3 51. Re7+ Kg8 52.
Qg6+ Kf8 53. Qg7# 1-0

[Event "XXXIV. ODPRTO PRVENSTVO KOMENDE 2020"]
[Site "Komenda"]
[Date "2020.09.04"]
[Round "1.5"]
[White "Bahlen Dogbats, Etsey Taras"]
[Black "Hocevar, Tim"]
[Result "0-1"]
[WhiteElo "1566"]
[BlackElo "1349"]
[PlyCount "104"]
[EventDate "2020.09.04"]

1. e4 e5 2. Nf3 Nc6 3. Bc4 Nf6 4. Nc3 Bc5 5. d3 h6 6. h3 d6 7. Be3 Nd4 8. Bxd4
Bxd4 9. Nxd4 exd4 10. Nd5 c6 11. Nf4 a5 12. Qf3 b5 13. Nh5 bxc4 14. Nxf6+ Qxf6
15. Qxf6 gxf6 16. dxc4 Rg8 17. g4 Be6 18. b3 Kd7 19. f4 Ke7 20. Kd2 Bd7 21. c3
dxc3+ 22. Kxc3 c5 23. f5 Bc6 24. Rhe1 Kd7 25. a4 Rae8 26. Kd3 Re5 27. Rad1 Rge8
28. Rd2 Rxe4 29. Rde2 Rxe2 30. Rxe2 Rxe2 31. Kxe2 d5 32. Kd3 d4 33. Kc2 Bg2 34.
h4 Bh3 35. Kb2 Bxg4 36. Ka3 Bxf5 37. b4 cxb4+ 38. Kb3 Kc6 39. h5 d3 40. c5 d2
41. Kc4 Be6+ 42. Kd3 d1=Q+ 43. Ke4 Qd5+ 44. Kf4 Qe5+ 45. Kf3 Bg4+ 46. Kxg4 Qe4+
47. Kg3 Qf5 48. Kg2 b3 49. Kg1 b2 50. Kg2 b1=R 51. Kg3 Rg1+ 52. Kh4 Qg4# 0-1

[Event "XXXIV. ODPRTO PRVENSTVO KOMENDE 2020"]
[Site "Komenda"]
[Date "2020.09.04"]
[Round "1.6"]
[White "Beber, Anja"]
[Black "Avgustin, Jernej"]
[Result "1-0"]
[WhiteElo "1287"]
[BlackElo "1247"]
[PlyCount "61"]
[EventDate "2020.09.04"]

1. e4 e5 2. Nf3 Nc6 3. Bc4 h6 4. O-O Nf6 5. d3 Bc5 6. Be3 Bb6 7. Nc3 O-O 8. Qd2
d6 9. h3 Be6 10. Nd5 Bxe3 11. fxe3 a5 12. a4 Ne7 13. Nxf6+ gxf6 14. Ba2 Qd7 15.
Kh2 Qxa4 16. Bxe6 Qc6 17. Ba2 Kh8 18. Nh4 Ng6 19. Nf5 Kh7 20. Ng3 Kg7 21. Nh5+
Kh8 22. Rxf6 b6 23. Rxf7 Rxf7 24. Bxf7 Rf8 25. Bxg6 Rg8 26. Bf5 Rg5 27. Nf6 Qa8
28. d4 exd4 29. Nh7 dxe3 30. Qxe3 Rg7 31. Qxh6 1-0

[Event "XXXIV. ODPRTO PRVENSTVO KOMENDE 2020"]
[Site "Komenda"]
[Date "2020.09.05"]
[Round "2.1"]
[White "Perme, Martin"]
[Black "Kaluza, Dominik"]
[Result "1-0"]
[WhiteElo "1534"]
[BlackElo "1463"]
[PlyCount "47"]
[EventDate "2020.09.05"]

1. e4 e5 2. f4 exf4 3. Nf3 Nc6 4. d4 Bb4+ 5. c3 Ba5 6. Bc4 d6 7. Bxf4 Nf6 8.
Nbd2 h6 9. O-O O-O 10. Qe2 Bb6 11. Kh1 Bg4 12. Qf2 Qd7 13. Qh4 Nh5 14. Be3 g5
15. Bxg5 hxg5 16. Qxg5+ Ng7 17. Nh4 Ne7 18. Rf4 Be6 19. d5 Bxd5 20. Rg4 Ng6 21.
Bxd5 Kh7 22. Nxg6 fxg6 23. Qxg6+ Kh8 24. Rh4+ 1-0

[Event "XXXIV. ODPRTO PRVENSTVO KOMENDE 2020"]
[Site "Komenda"]
[Date "2020.09.05"]
[Round "2.2"]
[White "Hocevar, Tim"]
[Black "Cimperman, Teo"]
[Result "1/2-1/2"]
[WhiteElo "1349"]
[BlackElo "1492"]
[PlyCount "73"]
[EventDate "2020.09.05"]

1. e4 c5 2. Nf3 d6 3. d4 cxd4 4. Nxd4 Nf6 5. Nc3 g6 6. Be3 Bg7 7. f3 O-O 8. Be2
Nc6 9. O-O Bd7 10. f4 Rc8 11. Bf3 a6 12. Qd2 Na5 13. b3 Qc7 14. Nce2 Nc6 15. c4
Bg4 16. Rac1 Rfd8 17. Nc3 e5 18. Nxc6 bxc6 19. h3 Be6 20. g4 h5 21. f5 Bd7 22.
Bh6 Be8 23. Bxg7 Kxg7 24. Qg5 Nh7 25. Qh4 Qb6+ 26. Kg2 g5 27. Qf2 Qxf2+ 28.
Kxf2 h4 29. Rfd1 c5 30. Nd5 Nf6 31. Rd2 Nxd5 32. Rxd5 Rc6 33. Rd2 Rb6 34. Rb2
a5 35. Rcb1 Rdb8 36. Bd1 f6 37. Ke2 1/2-1/2

[Event "XXXIV. ODPRTO PRVENSTVO KOMENDE 2020"]
[Site "Komenda"]
[Date "2020.09.05"]
[Round "2.3"]
[White "Bobnar, Samo"]
[Black "Beber, Anja"]
[Result "1-0"]
[WhiteElo "1463"]
[BlackElo "1287"]
[PlyCount "109"]
[EventDate "2020.09.05"]

1. e4 e5 2. Nf3 Nc6 3. Bb5 Nge7 4. O-O g6 5. d4 exd4 6. Nxd4 Bg7 7. c3 O-O 8.
Bg5 f6 9. Be3 a6 10. Bc4+ Kh8 11. a4 Ne5 12. Ba2 b6 13. f4 N5c6 14. Nd2 Bb7 15.
Qc2 f5 16. e5 Nxd4 17. Bxd4 Nc6 18. Bf2 Bh6 19. g3 Qe7 20. Nb3 Rae8 21. Rfe1 a5
22. Rad1 Nb8 23. Nd4 Be4 24. Qe2 Bg7 25. Nb5 Na6 26. Nd6 cxd6 27. exd6 Qd8 28.
Qxa6 h6 29. Bxb6 Qb8 30. Kf2 Bb7 31. Qa7 Qc8 32. Be3 g5 33. Qc5 Bc6 34. Bd4 Qb7
35. Bxg7+ Kxg7 36. Qd4+ Kh7 37. b4 Bg2 38. Bd5 Bxd5 39. Qxd5 Qb6+ 40. Qd4 Qb7
41. Re7+ Rxe7 42. dxe7 Re8 43. Qxd7 Rxe7 44. Qxb7 Rxb7 45. b5 Rc7 46. Rc1 Rc4
47. b6 Rxa4 48. Rb1 gxf4 49. b7 fxg3+ 50. hxg3 f4 51. b8=Q fxg3+ 52. Qxg3 Ra2+
53. Ke3 Ra4 54. Rb7+ Kh8 55. Qg7# 1-0

[Event "XXXIV. ODPRTO PRVENSTVO KOMENDE 2020"]
[Site "Komenda"]
[Date "2020.09.05"]
[Round "2.4"]
[White "Avgustin, Simona"]
[Black "Macek, Inti"]
[Result "0-1"]
[WhiteElo "1143"]
[BlackElo "1152"]
[PlyCount "58"]
[EventDate "2020.09.05"]

1. e4 e5 2. Bc4 Nf6 3. Nc3 Nc6 4. d3 Bc5 5. Bg5 h6 6. Bh4 g5 7. Bg3 d6 8. h3
Qe7 9. Nge2 Be6 10. Bh2 Bxc4 11. dxc4 O-O-O 12. Ng3 Qe6 13. Qe2 Nd4 14. Qd3 Nd7
15. Nge2 Nb6 16. b3 Rhf8 17. Rd1 f5 18. Nxd4 Bxd4 19. Nd5 fxe4 20. Nxb6+ Bxb6
21. Qxe4 Rxf2 22. Bg1 Rf7 23. Bxb6 axb6 24. Rd4 Qf6 25. Rd2 Qf4 26. Qd5 Qg3+
27. Kd1 Rdf8 28. Kc1 Qc3 29. Rhd1 Qa1# 0-1

[Event "XXXIV. ODPRTO PRVENSTVO KOMENDE 2020"]
[Site "Komenda"]
[Date "2020.09.05"]
[Round "2.5"]
[White "Hocevar, Nick"]
[Black "Bahlen Dogbats, Etsey Taras"]
[Result "1-0"]
[WhiteElo "1143"]
[BlackElo "1566"]
[PlyCount "77"]
[EventDate "2020.09.05"]

1. e4 e5 2. Nf3 Nc6 3. Nc3 Bb4 4. Bc4 Nf6 5. d3 h6 6. O-O d6 7. h3 Be6 8. Bb3
Qd7 9. a3 Ba5 10. Ba4 O-O-O 11. b4 Bb6 12. Be3 Bxe3 13. fxe3 Rdg8 14. b5 Nb8
15. b6 c6 16. bxa7 Na6 17. a8=Q+ Kc7 18. Qxg8 Rxg8 19. Bb3 Nc5 20. Bxe6 Nxe6
21. Qb1 g5 22. Nh4 h5 23. Rxf6 g4 24. Qf1 Nd8 25. Qf5 Qxf5 26. Rxf5 gxh3 27.
Rxh5 Ne6 28. Rf1 Ng5 29. Rf5 f6 30. Rxf6 hxg2 31. Nxg2 Kd7 32. Rf5 Ne6 33. Rh7+
Ke8 34. Rxb7 Nd8 35. Ra7 c5 36. Nd5 Nc6 37. Nf6+ Kf8 38. Nxg8+ Kxg8 39. Rc7 1-0

[Event "XXXIV. ODPRTO PRVENSTVO KOMENDE 2020"]
[Site "Komenda"]
[Date "2020.09.05"]
[Round "2.6"]
[White "Lapanje, Ajda"]
[Black "Timagina, Sofia"]
[Result "0-1"]
[WhiteElo "1040"]
[BlackElo "1137"]
[PlyCount "80"]
[EventDate "2020.09.05"]

1. e4 e5 2. Nf3 Nc6 3. Bc4 Bc5 4. Nc3 Nf6 5. d3 d6 6. h3 Be6 7. Bb3 h6 8. Be3
Nd4 9. Ne2 Nxf3+ 10. gxf3 Bb6 11. d4 exd4 12. Nxd4 Bxb3 13. Nxb3 Bxe3 14. fxe3
Qd7 15. Qd2 O-O-O 16. O-O-O Rhe8 17. Qd4 c5 18. Qc4 b6 19. Qa6+ Kb8 20. Nd2 Qb7
21. Qd3 d5 22. Qe2 dxe4 23. Qh2+ Ka8 24. f4 Nd5 25. Qf2 Qa6 26. Rhe1 Qxa2 27.
Nb1 f5 28. Qg2 Rg8 29. Qg6 Nb4 30. Qxf5 Qa4 31. Qxe4+ Kb8 32. Qe5+ Ka8 33. Qe4+
Kb8 34. Qe5+ Ka8 35. Qe4+ Kb8 36. Rxd8+ Rxd8 37. Qe5+ Ka8 38. Qe4+ Rd5 39. Nc3
Qa1+ 40. Nb1 Na2# 0-1

[Event "XXXIV. ODPRTO PRVENSTVO KOMENDE 2020"]
[Site "Komenda"]
[Date "2020.09.05"]
[Round "3.1"]
[White "Bobnar, Samo"]
[Black "Perme, Martin"]
[Result "1/2-1/2"]
[WhiteElo "1463"]
[BlackElo "1534"]
[PlyCount "47"]
[EventDate "2020.09.05"]

1. e4 c5 2. Nc3 d6 3. f4 Nf6 4. Nf3 e6 5. d3 Be7 6. g3 Nc6 7. Bg2 O-O 8. O-O a6
9. a4 Bd7 10. h3 Re8 11. g4 Bc8 12. g5 Nh5 13. Nh2 g6 14. Ng4 Bf8 15. f5 exf5
16. exf5 Bxf5 17. Nd5 Bg7 18. Rxf5 gxf5 19. Nh6+ Bxh6 20. gxh6 Qh4 21. Qxh5
Re1+ 22. Kh2 Qxh5 23. Nf6+ Kh8 24. Nxh5 1/2-1/2

[Event "XXXIV. ODPRTO PRVENSTVO KOMENDE 2020"]
[Site "Komenda"]
[Date "2020.09.05"]
[Round "3.2"]
[White "Cimperman, Teo"]
[Black "Kaluza, Dominik"]
[Result "1-0"]
[WhiteElo "1492"]
[BlackElo "1463"]
[PlyCount "159"]
[EventDate "2020.09.05"]

1. e4 e5 2. Nf3 Nc6 3. Bc4 Nf6 4. d3 Be7 5. O-O d6 6. h3 O-O 7. Nc3 h6 8. Be3
Be6 9. Bb3 Qd7 10. Bxe6 fxe6 11. Re1 a6 12. Qd2 Nh5 13. Ne2 g5 14. Ng3 Nf4 15.
Bxf4 exf4 16. Nf1 e5 17. c3 Bf6 18. Qe2 Qf7 19. N1h2 Rae8 20. Ng4 Kg7 21. b4 b5
22. Nfh2 Nb8 23. Nxf6 Qxf6 24. a4 Nd7 25. axb5 axb5 26. Qh5 Ra8 27. Ng4 Qg6 28.
Qxg6+ Kxg6 29. Nh2 Nb6 30. Nf3 Na4 31. c4 c6 32. cxb5 cxb5 33. d4 Kf6 34. Rec1
Rfc8 35. Kf1 Ke6 36. Ke2 Kf6 37. Kd2 Ke6 38. d5+ Kd7 39. h4 g4 40. Nh2 h5 41.
g3 f3 42. Nf1 Nb2 43. Ne3 Rxa1 44. Rxa1 Nc4+ 45. Kd3 Nxe3 46. Kxe3 Rc4 47. Ra7+
Kc8 48. Rh7 Rxb4 49. Rxh5 Rb3+ 50. Kd2 Rb2+ 51. Ke1 Re2+ 52. Kf1 b4 53. Rh8+
Kc7 54. Rh7+ Kb6 55. Rh8 Kc7 56. Rh7+ Kd8 57. Rb7 Rxe4 58. h5 Rc4 59. Kg1 b3
60. h6 Rc7 61. Rb8+ Rc8 62. Rxc8+ Kxc8 63. h7 Kc7 64. h8=Q Kb6 65. Qb8+ Kc5 66.
Qxb3 e4 67. Kf1 Kd4 68. Ke1 Kc5 69. Kd1 Kd4 70. Kd2 Ke5 71. Ke3 Kf5 72. Qc4 Kf6
73. Qxe4 Kg5 74. Qe6 Kh5 75. Ke4 Kg5 76. Qf5+ Kh6 77. Qxg4 Kh7 78. Kf5 Kh8 79.
Kf6 Kh7 80. Qg7# 1-0

[Event "XXXIV. ODPRTO PRVENSTVO KOMENDE 2020"]
[Site "Komenda"]
[Date "2020.09.05"]
[Round "3.3"]
[White "Beber, Anja"]
[Black "Hocevar, Tim"]
[Result "1-0"]
[WhiteElo "1287"]
[BlackElo "1349"]
[PlyCount "99"]
[EventDate "2020.09.05"]

1. e4 e5 2. Nf3 Nc6 3. Bc4 Bc5 4. O-O Nf6 5. d3 h6 6. Nc3 d6 7. Be3 Nd4 8. Bxd4
exd4 9. Na4 Bg4 10. Nxc5 dxc5 11. c3 dxc3 12. bxc3 Nd7 13. Qb3 O-O 14. Qxb7
Bxf3 15. gxf3 Ne5 16. Bd5 Nxf3+ 17. Kg2 Nh4+ 18. Kh1 Qd7 19. Rg1 Rfb8 20. Qc6
Qh3 21. Rg3 Qc8 22. Qxh6 Ng6 23. Qxg6 Qf8 24. Rag1 c6 25. Qxg7+ Qxg7 26. Rxg7+
Kh8 27. Bxc6 Rg8 28. Bxa8 Rxg7 29. Rxg7 Kxg7 30. d4 cxd4 31. cxd4 f5 32. e5 Kf7
33. d5 Ke7 34. e6 a5 35. h4 a4 36. h5 f4 37. h6 f3 38. h7 a3 39. h8=Q Kd6 40.
Qd8+ Kc5 41. e7 Kd4 42. e8=R Kd3 43. Rh8 Kc2 44. Qa5 Kd1 45. Qxa3 Kd2 46. Re8
Kc2 47. Qb3+ Kd2 48. Rc8 Ke1 49. Rc2 Kd1 50. Qb1# 1-0

[Event "XXXIV. ODPRTO PRVENSTVO KOMENDE 2020"]
[Site "Komenda"]
[Date "2020.09.05"]
[Round "3.4"]
[White "Macek, Inti"]
[Black "Timagina, Sofia"]
[Result "1-0"]
[WhiteElo "1152"]
[BlackElo "1137"]
[PlyCount "137"]
[EventDate "2020.09.05"]

1. d4 Nf6 2. Nf3 g6 3. c4 Bg7 4. Nc3 O-O 5. e4 d6 6. Be2 Nbd7 7. O-O e5 8. dxe5
dxe5 9. Be3 c6 10. Qc2 Qe7 11. Rad1 Nh5 12. Rd2 Nf4 13. Rfd1 g5 14. h3 Kh8 15.
Bxf4 gxf4 16. Qd3 Rg8 17. Qd6 Qe8 18. Nh2 Bf6 19. Bg4 Be7 20. Bxd7 Bxd6 21.
Bxe8 Bc7 22. Bxf7 Rg7 23. Bh5 Bxh3 24. f3 Rag8 25. Bg4 Bxg4 26. fxg4 Bb6+ 27.
Kf1 Be3 28. Rd7 Rg6 29. Rxb7 h5 30. Rdd7 Rh6 31. gxh5 Rxh5 32. Nf3 Rh1+ 33. Ke2
Rxg2+ 34. Kd3 Rh3 35. Rd8+ Rg8 36. Rxg8+ Kxg8 37. Nxe5 Rh2 38. Ne2 Rh3 39. Ng4
Bb6+ 40. Kd2 Be3+ 41. Nxe3 Rxe3 42. Rb3 Rxe4 43. c5 Kf7 44. Rf3 Ke6 45. Rxf4
Rxf4 46. Nxf4+ Ke5 47. Nd3+ Kd4 48. Kc2 Kc4 49. b3+ Kb5 50. Kc3 a5 51. a4+ Ka6
52. b4 axb4+ 53. Kxb4 Kb7 54. a5 Ka6 55. Ne5 Kb7 56. Nxc6 Kxc6 57. a6 Kc7 58.
Kb5 Kc8 59. Kb6 Kb8 60. c6 Ka8 61. Kc7 Ka7 62. Kd7 Kxa6 63. c7 Ka5 64. c8=Q Ka4
65. Qb7 Ka3 66. Qb1 Ka4 67. Kc6 Ka3 68. Kc5 Ka4 69. Qa2# 1-0

[Event "XXXIV. ODPRTO PRVENSTVO KOMENDE 2020"]
[Site "Komenda"]
[Date "2020.09.05"]
[Round "3.5"]
[White "Avgustin, Jernej"]
[Black "Hocevar, Nick"]
[Result "0-1"]
[WhiteElo "1247"]
[BlackElo "1143"]
[PlyCount "58"]
[EventDate "2020.09.05"]

1. e4 e5 2. Nf3 Nc6 3. Bc4 Nf6 4. Nc3 Nxe4 5. Nxe4 d5 6. Neg5 dxc4 7. Qe2 Bd6
8. Qxc4 O-O 9. O-O h6 10. Ne4 Be6 11. Qe2 Bg4 12. Nxd6 cxd6 13. h3 Bh5 14. g4
Bg6 15. c3 e4 16. Ne1 Qh4 17. Kh2 Qf6 18. d3 Qe5+ 19. f4 exd3 20. Nxd3 Qxe2+
21. Rf2 Qxd3 22. f5 Bh7 23. g5 Bxf5 24. gxh6 Qxh3+ 25. Kg1 Ne5 26. Rg2 Ng4 27.
hxg7 Kxg7 28. b4 Be4 29. Re2 Qh1# 0-1

[Event "XXXIV. ODPRTO PRVENSTVO KOMENDE 2020"]
[Site "Komenda"]
[Date "2020.09.05"]
[Round "3.6"]
[White "Lapanje, Ajda"]
[Black "Avgustin, Simona"]
[Result "1-0"]
[WhiteElo "1040"]
[BlackElo "1143"]
[PlyCount "65"]
[EventDate "2020.09.05"]

1. e4 e5 2. Nf3 Nc6 3. Bc4 Nd4 4. Nc3 Nc6 5. d3 Bc5 6. Be3 d6 7. h3 Nge7 8. Qd2
Be6 9. Nd5 Qd7 10. a3 a6 11. O-O-O Na7 12. Ng5 h6 13. Nxe6 fxe6 14. Nc3 d5 15.
Bxc5 dxc4 16. Qe2 Ng6 17. dxc4 Qc6 18. Bb4 Nf4 19. Qg4 g5 20. g3 Ng6 21. Qh5
Rg8 22. Qxh6 Nf8 23. Qh5+ Ng6 24. Qxg5 Qxc4 25. f4 Nb5 26. f5 Rg7 27. fxg6 Nxc3
28. Bxc3 Qa2 29. Qf6 Qa1+ 30. Kd2 Rd7+ 31. Ke2 Rxd1 32. Rxd1 Qa2 33. Qf7# 1-0

[Event "XXXIV. ODPRTO PRVENSTVO KOMENDE 2020"]
[Site "Komenda"]
[Date "2020.09.06"]
[Round "4.1"]
[White "Perme, Martin"]
[Black "Cimperman, Teo"]
[Result "1/2-1/2"]
[WhiteElo "1534"]
[BlackElo "1492"]
[PlyCount "59"]
[EventDate "2020.09.06"]

1. e4 c5 2. Nf3 d6 3. d4 cxd4 4. Nxd4 Nf6 5. Nc3 g6 6. Be3 Bg7 7. f3 O-O 8. Qd2
Nc6 9. O-O-O d5 10. exd5 Nxd5 11. Nxc6 bxc6 12. Nxd5 cxd5 13. Bh6 Bf5 14. Bxg7
Kxg7 15. g4 Be6 16. h4 Rh8 17. Bg2 Rb8 18. h5 Qb6 19. b3 Qc5 20. Qe1 Rb6 21.
hxg6 fxg6 22. Qe5+ Kg8 23. f4 Rd6 24. f5 Bf7 25. fxg6 Rxg6 26. Bxd5 e6 27. Qb8+
Kg7 28. Qe5+ Kg8 29. Qb8+ Kg7 30. Qe5+ 1/2-1/2

[Event "XXXIV. ODPRTO PRVENSTVO KOMENDE 2020"]
[Site "Komenda"]
[Date "2020.09.06"]
[Round "4.2"]
[White "Hocevar, Nick"]
[Black "Bobnar, Samo"]
[Result "0-1"]
[WhiteElo "1143"]
[BlackElo "1463"]
[PlyCount "58"]
[EventDate "2020.09.06"]

1. e4 d5 2. Nc3 d4 3. Nce2 e5 4. Ng3 Nc6 5. Bc4 Nf6 6. Nf3 h6 7. O-O Bd6 8. d3
Na5 9. Bb3 Nxb3 10. axb3 c5 11. Nf5 Bxf5 12. exf5 O-O 13. Re1 Re8 14. Re2 Qd7
15. Qe1 Qxf5 16. h3 e4 17. dxe4 Rxe4 18. Rxe4 Nxe4 19. c3 dxc3 20. bxc3 Nf6 21.
Qd2 Bc7 22. Ba3 Rd8 23. Qe3 b6 24. b4 c4 25. Qe2 Qd3 26. Qxd3 Rxd3 27. Bb2 Nd5
28. Rc1 Bf4 29. Rc2 Rd1+ 0-1

[Event "XXXIV. ODPRTO PRVENSTVO KOMENDE 2020"]
[Site "Komenda"]
[Date "2020.09.06"]
[Round "4.3"]
[White "Macek, Inti"]
[Black "Beber, Anja"]
[Result "1/2-1/2"]
[WhiteElo "1152"]
[BlackElo "1287"]
[PlyCount "87"]
[EventDate "2020.09.06"]

1. d4 e6 2. Nf3 Nf6 3. c4 Bb4+ 4. Nc3 O-O 5. Bg5 b6 6. e4 Be7 7. d5 Bb7 8. Bd3
h6 9. Bf4 d6 10. O-O Nbd7 11. e5 dxe5 12. Nxe5 Nxe5 13. Bxe5 exd5 14. cxd5 Kh8
15. Bc4 Qd7 16. Nb5 Ba6 17. a4 c6 18. dxc6 Qxc6 19. Bxf6 Qxf6 20. b3 Bc5 21.
Qf3 Qxf3 22. gxf3 Bxb5 23. Bxb5 Rad8 24. Rad1 g6 25. Rd3 Rd6 26. Rfd1 Rfd8 27.
Bc4 Kg7 28. Rxd6 Rxd6 29. Rxd6 Bxd6 30. Kf1 Bxh2 31. Kg2 Bd6 32. Kh3 Bc5 33.
Kg3 f6 34. f4 Bd6 35. Kf3 h5 36. Bd3 g5 37. fxg5 fxg5 38. Be4 Kf6 39. Bd3 g4+
40. Kg2 Kg5 41. f3 h4 42. fxg4 Kxg4 43. Be2+ Kf4 44. Kh3 1/2-1/2

[Event "XXXIV. ODPRTO PRVENSTVO KOMENDE 2020"]
[Site "Komenda"]
[Date "2020.09.06"]
[Round "4.4"]
[White "Hocevar, Tim"]
[Black "Avgustin, Jernej"]
[Result "1-0"]
[WhiteElo "1349"]
[BlackElo "1247"]
[PlyCount "23"]
[EventDate "2020.09.06"]

1. e4 e5 2. Nf3 Nc6 3. Bc4 Nf6 4. Nc3 Bc5 5. d3 d6 6. Bg5 O-O 7. Nd5 Be6 8.
Nxf6+ gxf6 9. Bh6 Re8 10. Nh4 Bxc4 11. Qg4+ Kh8 12. Qg7# 1-0

[Event "XXXIV. ODPRTO PRVENSTVO KOMENDE 2020"]
[Site "Komenda"]
[Date "2020.09.06"]
[Round "4.5"]
[White "Kaluza, Dominik"]
[Black "Bahlen Dogbats, Etsey Taras"]
[Result "1-0"]
[WhiteElo "1463"]
[BlackElo "1566"]
[PlyCount "91"]
[EventDate "2020.09.06"]

1. e4 e5 2. Nf3 Nc6 3. Bc4 Bc5 4. d3 h6 5. O-O d6 6. h3 Be6 7. Bb3 Qd7 8. Kh2
Nce7 9. Be3 Bxe3 10. fxe3 O-O-O 11. Nc3 Nf6 12. d4 exd4 13. exd4 Qe8 14. Qe2 g5
15. e5 Nfd5 16. Nxd5 Nxd5 17. exd6 Rxd6 18. Rae1 Nf4 19. Bxe6+ Rxe6 20. Qc4 Re2
21. Rxe2 Qxe2 22. Qxe2 Nxe2 23. c3 h5 24. Nxg5 h4 25. Rf2 Re8 26. Nxf7 Rf8 27.
Nd6+ cxd6 28. Rxf8+ Kd7 29. Rh8 Ng3 30. Rxh4 Nf5 31. Rh7+ Kc6 32. g4 Ne3 33. g5
Nf1+ 34. Kg2 Ne3+ 35. Kf3 Nd5 36. g6 Nf6 37. Rf7 Ng8 38. g7 Nh6 39. Rf8 a5 40.
Kf4 b5 41. Kg5 Kd5 42. Kxh6 Kc4 43. g8=Q+ Kd3 44. Rf3+ Ke4 45. Qf7 b4 46. Qf5#
1-0

[Event "XXXIV. ODPRTO PRVENSTVO KOMENDE 2020"]
[Site "Komenda"]
[Date "2020.09.06"]
[Round "4.6"]
[White "Timagina, Sofia"]
[Black "Avgustin, Simona"]
[Result "1-0"]
[WhiteElo "1137"]
[BlackElo "1143"]
[PlyCount "49"]
[EventDate "2020.09.06"]

1. e4 e5 2. Nf3 Nc6 3. Bc4 Bc5 4. c3 a6 5. d3 b5 6. Bb3 h6 7. Nbd2 Nf6 8. O-O
Ba7 9. h3 O-O 10. Re1 Na5 11. Bc2 Bb7 12. Nf1 c6 13. Ng3 c5 14. Nxe5 d6 15. Nf3
Qb6 16. Kh1 c4 17. Be3 Qc7 18. d4 Rfe8 19. Bf4 Qb6 20. e5 dxe5 21. Nxe5 Nd5 22.
Bd2 Nc7 23. Qg4 Bd5 24. Nf5 Re6 25. Qxg7# 1-0

[Event "XXXIV. ODPRTO PRVENSTVO KOMENDE 2020"]
[Site "Komenda"]
[Date "2020.09.06"]
[Round "5.1"]
[White "Cimperman, Teo"]
[Black "Bobnar, Samo"]
[Result "1-0"]
[WhiteElo "1492"]
[BlackElo "1463"]
[PlyCount "71"]
[EventDate "2020.09.06"]

1. e4 d5 2. exd5 Nf6 3. Nf3 Nxd5 4. Bc4 Bg4 5. h3 Bh5 6. d3 e6 7. Be3 Nxe3 8.
fxe3 Nd7 9. O-O Ne5 10. Nbd2 Bd6 11. Qe1 Bxf3 12. Nxf3 Nxc4 13. dxc4 O-O 14.
Qc3 Qe7 15. a3 c6 16. Rad1 Rad8 17. b4 b6 18. Ne5 Bxe5 19. Qxe5 c5 20. b5 Rxd1
21. Rxd1 f6 22. Qe4 e5 23. Qc6 Rd8 24. Rd5 Kf8 25. e4 Qe8 26. Qc7 Rxd5 27. exd5
e4 28. d6 Qe5 29. Qc8+ Kf7 30. d7 Qa1+ 31. Kh2 Qe5+ 32. g3 Kg6 33. d8=Q Qc3 34.
Qg4+ Kh6 35. Qh4+ Kg6 36. Qe8+ 1-0

[Event "XXXIV. ODPRTO PRVENSTVO KOMENDE 2020"]
[Site "Komenda"]
[Date "2020.09.06"]
[Round "5.2"]
[White "Beber, Anja"]
[Black "Perme, Martin"]
[Result "0-1"]
[WhiteElo "1287"]
[BlackElo "1534"]
[PlyCount "82"]
[EventDate "2020.09.06"]

1. e4 c5 2. Nf3 d6 3. d4 cxd4 4. Nxd4 Nf6 5. Nc3 g6 6. Bc4 Bg7 7. Be3 O-O 8. f3
Nc6 9. Qd2 Bd7 10. O-O-O Rc8 11. Bb3 Ne5 12. h4 Nc4 13. Qe2 Nxe3 14. Qxe3 h5
15. Kb1 a6 16. Qg5 Kh7 17. Rhe1 b5 18. e5 dxe5 19. Qxe5 Ng8 20. Qf4 Bh6 21. Qg3
Qe8 22. Ne4 Qd8 23. Ng5+ Bxg5 24. Qxg5 b4 25. Qf4 e6 26. Ne2 Qe7 27. Qe4 Nf6
28. Qd3 a5 29. Nf4 Rfd8 30. Qd6 Qxd6 31. Rxd6 a4 32. Red1 axb3 33. axb3 Kg8 34.
g4 Rc7 35. c4 bxc3 36. bxc3 Kf8 37. c4 Ke7 38. Kb2 hxg4 39. fxg4 Nxg4 40. Kc3
Ne3 41. R1d3 Nf5 0-1

[Event "XXXIV. ODPRTO PRVENSTVO KOMENDE 2020"]
[Site "Komenda"]
[Date "2020.09.06"]
[Round "5.3"]
[White "Hocevar, Tim"]
[Black "Macek, Inti"]
[Result "1-0"]
[WhiteElo "1349"]
[BlackElo "1152"]
[PlyCount "103"]
[EventDate "2020.09.06"]

1. e4 e5 2. Nf3 Nc6 3. Bc4 Nf6 4. Nc3 Nxe4 5. Nxe4 d5 6. Bd3 dxe4 7. Bxe4 Bd6
8. O-O Ne7 9. c3 O-O 10. d4 f5 11. Bc2 e4 12. Ne5 Ng6 13. Bb3+ Kh8 14. Nf7+
Rxf7 15. Bxf7 Qh4 16. g3 Qh3 17. Bxg6 hxg6 18. f4 exf3 19. Qxf3 Rb8 20. Bf4 b6
21. Qg2 Qxg2+ 22. Kxg2 Bb7+ 23. Kf2 Bxf4 24. gxf4 Ba6 25. Rfe1 Kh7 26. Re7 Rb7
27. Rae1 Bd3 28. R1e6 Be4 29. Rd7 Kh6 30. Ree7 Bc6 31. Rxc7 Rxc7 32. Rxc7 Bd5
33. Rxa7 b5 34. a4 Bc4 35. axb5 Bxb5 36. b3 g5 37. c4 Be8 38. d5 Kg6 39. d6
gxf4 40. d7 Bxd7 41. Rxd7 Kf6 42. c5 g5 43. c6 g4 44. c7 g3+ 45. hxg3 fxg3+ 46.
Kxg3 Ke5 47. c8=Q f4+ 48. Kh2 f3 49. Qe8+ Kf4 50. Rf7+ Kg4 51. Qg8+ Kh5 52.
Rh7# 1-0